| 000 | 00714cam a22002531 4500 | ||
|---|---|---|---|
| 001 | 11897 | ||
| 003 | BD-RjUL | ||
| 005 | 20211208235212.0 | ||
| 008 | 140127s1966 nyua b 001 0 eng | ||
| 035 | _a(BD-RjUL)11946 | ||
| 040 |
_aDLC _cDLC _dDLC _dBD-RjUL _beng |
||
| 041 | _aeng | ||
| 082 | 0 | 0 |
_a572 _bMAB 1966 |
| 100 | 1 |
_aMahler, Henry R. _936883 |
|
| 245 | 0 | 0 |
_aBiological chemistry / _c Henry R. Mahler & Eugene H. Cordes. |
| 260 |
_aNew York : _bHarper & Row, _cc1966. |
||
| 300 |
_axv, 872 p. : _billus. ; _c27 cm. |
||
| 504 | _aIncludes bibliographies. | ||
| 650 | 0 |
_aBiochemistry. _936884 |
|
| 700 | 1 |
_aCordes, Eugene H., _9226153 |
|
| 942 |
_2ddc _cBK |
||
| 999 |
_c11897 _d11897 |
||